书目信息 |
| 题名: |
大参考
|
|
| 作者: | 连玉明 , 刘俊华 主编 | |
| 分册: | 6 | |
| 出版信息: | 北京 团结出版社 2014 |
|
| 页数: | 174页 | |
| 开本: | 28cm | |
| 丛书名: | ||
| 单 册: | ||
| 中图分类: | D609.9 | |
| 科图分类: | ||
| 主题词: | 时事评论--中国 | |
| 电子资源: | ||
| ISBN: | 978-7-5126-1951-7 | |
| 000 | 00828nam0 2200253 450 | |
| 001 | 339825 | |
| 005 | 20150608161641.37 | |
| 010 | @a978-7-5126-1951-7@dCNY100.00 | |
| 100 | @a20141120d2014 em y0chiy50 ea | |
| 101 | 0 | @achi |
| 102 | @aCN@b110000 | |
| 105 | @aa z 001yy | |
| 106 | @ar | |
| 200 | 1 | @a大参考@Ada can kao@h6@f连玉明, 刘俊华主编 |
| 210 | @a北京@c团结出版社@d2014 | |
| 215 | @a174页@c图@d28cm | |
| 300 | @a领导智库报告 | |
| 330 | @a本书分为趋势报告、政策报告、案例报告、智库报告、经验报告、数据报告等几部分, 主要内容包括: 大设计演进: 从“韬光养晦”到“主动作为”、中国反垄断: 反了谁为什么反未来会怎样等。 | |
| 606 | 0 | @a时事评论@y中国 |
| 690 | @aD609.9@v5 | |
| 701 | 0 | @a连玉明@Alian yu ming@4主编 |
| 701 | 0 | @a刘俊华@Aliu jun hua@4主编 |
| 801 | 0 | @aCN@b卓展宏图@c20150525 |
| 905 | @dD609.9@e124@f3 | |
| 大参考.6/连玉明, 刘俊华主编.-北京:团结出版社,2014 |
| 174页:图;28cm |
| 领导智库报告 |
| ISBN 978-7-5126-1951-7:CNY100.00 |
| 本书分为趋势报告、政策报告、案例报告、智库报告、经验报告、数据报告等几部分, 主要内容包括: 大设计演进: 从“韬光养晦”到“主动作为”、中国反垄断: 反了谁为什么反未来会怎样等。 |
| ● |
| 相关链接 |
|
|
|
|
正题名:大参考
索取号:D609.9/124
 
预约/预借
| 序号 | 登录号 | 条形码 | 馆藏地/架位号 | 状态 | 备注 |
| 1 | 864184 | 208641843 | 第一样本阅览室/ [索取号:D609.9/124] | 在馆 | |
| 2 | 864185 | 208641852 | 密集书库-史法系/ [索取号:D609.9/124] | 在馆 | |
| 3 | 864186 | 208641861 | 第一借阅区/ [索取号:D609.9/124] | 在馆 |